• 首页
  • 本馆介绍
  • 公告通知
  • 最新文献
  • 馆藏检索
  • 电子资源
  • 读者导购
  • 参考咨询
  • 我的图书馆
  • 登录
  • 详细信息显示
  • 放入我的书架
  • 预约/预借图书
  • 作者相关作品
  • 分类相关作品
  • 丛书相关作品
  • 出版社相关作品

书目信息

  • 表格格式
  • 工作单格式
  • 卡片格式
题名:
代号R密件
    
 
作者: 华莱士 著 ;毕均轲 译
分册:  
出版信息: 北京   新华出版社  1982
页数: 415页
开本: 19cm
丛书名:
单 册:
中图分类: I712.4
科图分类:
主题词: 长篇小说--美国--现代
电子资源:
ISBN:
000 00706nam0 2200253 45
001 0182007728
005 20040409084610.9
010    @dCNY1.10
091    @a10203.073
100    @a19950426d1982 em y0chiy0121 ea
101 1  @achi@ceng
102    @aCN@b110000
105    @ay z 000ay
106    @ar
200 10 @a代号R密件@Adai haoR mi jian@f(美)欧文·华莱士著@F(Mei)Ou Wen·Hua Lai Shi Zhu@g毕均轲译
210    @a北京@c新华出版社@d1982
215    @a415页@d19cm
606    @a长篇小说@y美国@z现代
690    @aI712.4
701  1 @a华莱士@Ahua lai shi@4著
702  0 @a毕均轲@Abi jun ke@4译
801  0 @aCN@b上海图书馆@c20040409
801  2 @aCN@bNLC@c20040409
905    @f1@b178869@dI712.4@e153-2
    
    代号R密件/(美)欧文·华莱士著/毕均轲译.-北京:新华出版社,1982
    415页;19cm
    
    
    ISBN :CNY1.10
    
●
相关链接 在E读中查询图书 在五车中查询图书 在当当中查询图书 在豆瓣中查询图书


正题名:代号R密件     索取号:I712.4/153-2         预约/预借

序号 登录号 条形码 馆藏地/架位号 状态 备注
1 0178856   000186328   第二借阅区/ [索取号:I712.4/153-2] 在馆    
2 0178857   000173500   第二借阅区/ [索取号:I712.4/153-2] 在馆    
3 0178858   000186275   第二借阅区/ [索取号:I712.4/153-2] 在馆    
4 0178859   000186257   第二借阅区/ [索取号:I712.4/153-2] 在馆    
5 0178861   000186266   第二借阅区/ [索取号:I712.4/153-2] 在馆    
6 0178862   000182091   第二借阅区/ [索取号:I712.4/153-2] 在馆    
7 0178863   000182055   第一样本阅览室/ [索取号:I712.4/153-2] 在馆    
8 0178869   000186284   第二借阅区/ [索取号:I712.4/153-2] 在馆    
唐山师范学院图书馆 欢迎您!
大连网信软件有限公司© 版权所有